000 00697nam a2200289Ia 4500
005 20260324135700.0
008 008 260324s9999 xx 000 0 eng d
020 _a9781315196992
037 _aEBOOK
040 _aCRL
040 _beng
040 _cCRL
041 _2eng
041 _aeng
084 _qCRL
100 _aTom Lansford
245 0 _aEvolution and Devolution
245 4 _bThe Dynamics of Sovereignty and Security in Post-Cold War Europe
260 _bTaylor and Francis
260 _c2000
365 _a
365 _b180
856 _uhttp://www.taylorfrancis.com/books/9781315196992
942 _cEBOOK
999 _c1802855
_d1802855